Creating a Market. (Record no. 239)

MARC details
005 - DATE AND TIME OF LATEST TRANSACTION
control field 20250619115635.0
082 ## - DEWEY DECIMAL CLASSIFICATION NUMBER
Classification number 658.807 ILO
111 ## - MAIN ENTRY--MEETING NAME
Meeting name or jurisdiction name as entry element INTERNATIONAL LABOUR OFFICE
245 ## - TITLE STATEMENT
Title Creating a Market.
260 ## - PUBLICATION, DISTRIBUTION, ETC.
Place of publication, distribution, etc. Geneva,
Name of publisher, distributor, etc. International Labour Office,
Date of publication, distribution, etc. 1968.
300 ## - PHYSICAL DESCRIPTION
Extent 178p.: ill.; table
Other physical details Bibliography & Glossary
Dimensions 23cm
942 ## - ADDED ENTRY ELEMENTS (KOHA)
Source of classification or shelving scheme Dewey Decimal Classification
Koha item type Books
Holdings
Date last seen Total checkouts Full call number Barcode Cost, replacement price Price effective from Koha item type Lost status Source of classification or shelving scheme Damaged status Not for loan Withdrawn status Home library Current library Shelving location Date acquired Cost, normal purchase price
03/10/2025   658.807 ILO 000000757 60000.00 03/10/2025 Books   Dewey Decimal Classification       College of Business Education Main Library College of Business Education Main Library General Collection 03/10/2025 20000.00
03/10/2025   658.807 ILO 000000758 60000.00 03/10/2025 Books   Dewey Decimal Classification       College of Business Education Main Library College of Business Education Main Library General Collection 03/10/2025 20000.00